Medical Vocabulary #6 - Statistics

General Stats
  • This quiz has been taken 633 times
  • The average score is 18 of 25
Answer Stats
Hint Answer % Correct
Heavy bouts of drinking (usually five or more alcoholic beverages per day) interspersed with periods of abstinence. binge drinking
89%
A hormone made by the pancreas that controls the amount of glucose (sugar) in the blood. insulin
89%
The sugars and starches in food that provide the body with most of its fuel. carbohydrates
88%
A burning pain in the chest or throat, caused when stomach acid backs up into the esophagus. heartburn
88%
Sexual desire. libido
87%
A condition in which joints are inflamed, causing pain, stiffness, swelling, and sometimes loss of movement. arthritis
83%
An episode of temporary memory loss resulting from the ingestion of alcohol or other drugs. blackout
81%
The portion of the tooth below the gum line. root
81%
A sudden, involuntary contraction of muscles that results in rhythmic contortions of the body, often accompanied by a loss of consciousness. seizure
79%
A severe and sometimes deadly inflammation of the brain that can be caused by a number of different viruses. encephalitis
77%
A tender area that, when stimulated, also elicits pain elsewhere in the body. trigger point
76%
A painless, noninvasive imaging method that uses high-frequency sound waves. ultrasound
76%
A bone infection caused by bacteria or fungi. osteomyelitis
72%
Weakness or a loss of physical strength. debility
71%
Inflammation of the kidneys. nephritis
69%
A test that checks the health of muscles and the nerves that control them. EMG
66%
The skull bone located behind the ear. mastoid
66%
A form of arthritis that occurs when uric acid builds up in the joints, most often affecting the big toe, knee, and ankle joints. gout
65%
The wavelike movement of intestinal muscles that propels food through the digestive tract. peristalsis
63%
Any material that is tied around a blood vessel to stop it from bleeding. ligature
61%
Formed of, or containing pus. purulent
60%
A surgical procedure that eases or eliminates the pain of spinal fractures. It also restores vertebrae that have collapsed due to fractures to their normal size. kyphoplasty
57%
A benign uterine tumor. fibroid
54%
Abnormal lung sounds that might be a sign of fluid buildup congestion in the lungs. rales
39%
A tooth or implant to which a fixed prosthesis is anchored. abutment
32%
No matching quizzes found
Score Distribution
Percent of People with Each Score
Percentile by Number Answered
Your Score History
You have not taken this quiz